000 00610nam a22001817a 4500
003 OSt
005 20251224141927.0
008 251224b |||||||| |||| 00| 0 eng d
020 _a9780241412725
040 _cn
082 _a530 D56 2020
245 _aThe Physics Book: Big Ideas Simply Explained /
_bforeword by Jim Al‑Khalili.
260 _bLondon, United Kingdom. Dorling Kindersley Ltd. 2020
300 _a336 p. 24 cm.
650 _aPhysics | History of science | Fundamental concepts in physics | Laws & theories of physics | Popular science
700 _aJim Al‑Khalili
942 _2ddc
_cBK-EN
_n0
999 _c8470
_d8470